00263nam a2200121Ia 4500008004100000100000900041245004000050260000900090300000800099650001000107942000700117999001700124190216s9999||||xx |||||||||||||| ||und|| aNull 0aHindi-Samakalik Malayalam Kahaniyam bNull a194 aHindi cBK c15604d15604